El diario literario como forma artística y el Tagebuch 1946-1949 de Max Frisch

Gorde:
Xehetasun bibliografikoak
Egile nagusia: Martí Peña, Ofelia
Formatua: Liburua
Hizkuntza:Undetermined
Argitaratua: Salamanca, España Universidad de Salamanca 1985
Gaiak:
Etiketak: Etiketa erantsi
Etiketarik gabe, Izan zaitez lehena erregistro honi etiketa jartzen!

MARC

LEADER 00000nam a2200000Ia 4500
008 170316s9999 xx 000 0 und d
090 |a 801 M-14d 
100 |a Martí Peña, Ofelia 
245 |a El diario literario como forma artística y el Tagebuch 1946-1949 de Max Frisch 
260 |a Salamanca, España 
260 |b Universidad de Salamanca 
260 |c 1985 
300 |a 43 páginas 
650 |a TEORÍA LITERARIA 
650 |a LITERATURA ALEMANA 
650 |a DIARIOS LITERARIOS 
650 |a NOVELA MODERNA 
999 |c 20449  |d 20449 
040 |a cru BVZT 
942 |c 15 D  |h 801 M-14d  |2 z